| 000 | 01421nam a2200349 c 4500 | ||
|---|---|---|---|
| 999 |
_c53417 _d53417 |
||
| 003 | BLK | ||
| 005 | 20220623143445.0 | ||
| 008 | 180408b bul|||||r ||||||| ||bul|| | ||
| 010 | _aKNG00057354000 | ||
| 040 | _aBLK | ||
| 041 |
_aBUL _cBUL |
||
| 080 |
_aНемска литература _b821.112.2 _x-93-32 _z821.112.2-93-32 |
||
| 100 | 1 |
_aКоршунов, Ирина _eпърви автор _9285027 |
|
| 139 |
_aКоршунов, Ирина _bК 85 |
||
| 245 | 1 | 0 |
_aНамереното лисиче _bКак малкото лисиче си намери майка : Повест _cИрина Коршунов; прев. от нем. Мирина Тончева; худож. Камен Стоянов. |
| 257 | _aDEU | ||
| 260 |
_bОтечество _c1988 _fРусе : печ. Дунав |
||
| 300 |
_a24 с. _bс цв. ил. _c21Х28 см |
||
| 380 | _aDX | ||
| 490 |
_aБиблиотека Сънчо _9205309 |
||
| 500 | _aОриг. загл. Der Findefuchs / Irina Korschunow. | ||
| 653 | _aповести | ||
| 653 | _aлитература за деца | ||
| 653 | _aдетска литература | ||
| 700 | 1 |
_aТончева, Мирина _eпрев. от нем. _9285028 |
|
| 700 | 1 |
_aСтоянов, Камен _eхудож. _9276575 |
|
| 852 | _aЦб 252201 | ||
| 856 | 4 | _qpdf | |
| 856 | 4 | _qpdf | |
| 942 |
_cKNG _n0 _01 _s1 |
||
| 944 |
_aCR _c29.06.2011 _lф / _kЛюдмила_Стоянова |
||
| 944 |
_aED _c15.08.2011 _lф / |
||
| 999 | _d53417 | ||